Planning portal (Record no. 113176)

MARC details
000 -LEADER
fixed length control field 00987cai a22002055a 4500
001 - CONTROL NUMBER
control field L154817
008 - FIXED-LENGTH DATA ELEMENTS--GENERAL INFORMATION
fixed length control field 120120s2012 xxk f l f000 0 eng d
035 ## - SYSTEM CONTROL NUMBER
System control number (Sirsi) u154817
041 0# - LANGUAGE CODE
Language code of text/sound track or separate title eng
110 1# - MAIN ENTRY--CORPORATE NAME
Corporate name or jurisdiction name as entry element United Kingdom
Subordinate unit Department for Communities and Local Government
9 (RLIN) 4939
245 00 - TITLE STATEMENT
Title Planning portal
Remainder of title building regulations
Medium [electronic resource]
260 ## - PUBLICATION, DISTRIBUTION, ETC.
Place of publication, distribution, etc. London
Name of publisher, distributor, etc. DCLG
Date of publication, distribution, etc. 2012
520 ## - SUMMARY, ETC.
Summary, etc. This part of the DCLG Planning Portal contains information aimed at users with a degree of familiarity with the Building Regulations and the Building Control system. Approved documents, Building policy and legislation, Greener buildings, How to get approval, Determinations and appeals, Good practice guides.
521 2# - TARGET AUDIENCE NOTE
Target audience note Advanced
590 ## - LOCAL NOTE (RLIN)
Local note KA NTK
651 #4 - SUBJECT ADDED ENTRY--GEOGRAPHIC NAME
Geographic name England and Wales
Chronological subdivision 1543-
690 ## - LOCAL SUBJECT ADDED ENTRY--TOPICAL TERM (OCLC, RLIN)
Topical term or geographic name as entry element Building regulations
9 (RLIN) 6224
856 40 - ELECTRONIC LOCATION AND ACCESS
Uniform Resource Identifier <a href="https://www.planningportal.gov.uk/buildingregulations/">https://www.planningportal.gov.uk/buildingregulations/</a>
Public note View the portal free of charge at www.planningportal.gov.uk
942 ## - ADDED ENTRY ELEMENTS (KOHA)
Suppress in OPAC 0
Holdings
Withdrawn status Lost status Source of classification or shelving scheme Damaged status Not for loan Home library Current library Shelving location Date acquired Total Checkouts Full call number Barcode Date last seen Copy number Price effective from Koha item type
    Dewey Decimal Classification     Virtual Virtual Online 20/01/2012   WEB-SITE 154817-2001 06/08/2019 1 06/08/2019 Online material